Schaum's outline of theory and problems of fluid mechanics and hydraulics / (Record no. 71789)
[ view plain ]
| 000 -LEADER | |
|---|---|
| fixed length control field | 00774nam a2200253 a 4500 |
| 001 - CONTROL NUMBER | |
| control field | 71789 |
| 003 - CONTROL NUMBER IDENTIFIER | |
| rucl marc code | BD-RjUL |
| 005 - DATE AND TIME OF LATEST TRANSACTION | |
| control field | 20211209082148.0 |
| 008 - FIXED-LENGTH DATA ELEMENTS--GENERAL INFORMATION | |
| fixed length control field | 170508s1962 nyu 001 0 eng d |
| 035 ## - SYSTEM CONTROL NUMBER | |
| System control number | (BD-RjUL)72005 |
| 040 ## - CATALOGING SOURCE | |
| Original cataloging agency | BD-RjUL |
| Language of cataloging | eng |
| Transcribing agency | BD-RjUL |
| Modifying agency | BD-RjUL |
| 041 ## - LANGUAGE CODE | |
| Language code of text/sound track or separate title | eng |
| 082 ## - DEWEY DECIMAL CLASSIFICATION NUMBER | |
| Edition number | 23 |
| Classification number | 620.106 |
| Author mark and year | GIS 1962 |
| 100 1# - MAIN ENTRY--PERSONAL NAME | |
| Personal name | Giles, Ranald V. |
| 9 (RLIN) | 166381 |
| 245 10 - TITLE STATEMENT | |
| Title | Schaum's outline of theory and problems of fluid mechanics and hydraulics / |
| Statement of responsibility, etc. | Ranald V. Giles |
| 250 ## - EDITION STATEMENT | |
| Edition statement | 2nd ed. |
| 260 ## - PUBLICATION, DISTRIBUTION, ETC. (IMPRINT) | |
| Place of publication, distribution, etc. | New York ; |
| -- | London : |
| Name of publisher, distributor, etc. | McGraw-Hill, |
| Date of publication, distribution, etc. | c1962 |
| 300 ## - PHYSICAL DESCRIPTION | |
| Pagination | [viii], 274 p. : |
| Illustrations | ill. ; |
| Size | 28 cm |
| 490 ## - SERIES STATEMENT | |
| Series statement | Schaum's outline series |
| 500 ## - GENERAL NOTE | |
| General note | Includes index |
| 650 #0 - SUBJECT ADDED ENTRY--TOPICAL TERM | |
| Topical term or geographic name as entry element | Fluid mechanics |
| 9 (RLIN) | 212378 |
| 830 #0 - SERIES ADDED ENTRY--UNIFORM TITLE | |
| Uniform title | Schaum's outline series |
| 942 ## - ADDED ENTRY ELEMENTS (KOHA) | |
| Source of classification or shelving scheme | Dewey Decimal Classification |
| Koha item type | Books |
| Lost status | Source of classification or shelving scheme | Damaged status | Not for loan | Collection code | Permanent Location | Current Location | Shelving location | Date acquired | Source of acquisition | Cost, normal purchase price | Total Checkouts | Full call number | Date last seen | Copy number | Koha item type |
|---|---|---|---|---|---|---|---|---|---|---|---|---|---|---|---|
| Dewey Decimal Classification | Not For Loan | Non-fiction | Central Library, University of Rajshahi | Central Library, University of Rajshahi | Reading Room | 08/06/1967 | Mirza Book Afency, Lahore | 17.50 | 620.106 GIS 1962 | 08/05/2017 | C-1 | Books | |||
| Dewey Decimal Classification | Non-fiction | Central Library, University of Rajshahi | Central Library, University of Rajshahi | 08/06/1967 | Mirza Book Afency, Lahore | 17.50 | 620.106 GIS 1962 | 08/05/2017 | C-2 | Books | |||||
| Dewey Decimal Classification | Non-fiction | Central Library, University of Rajshahi | Central Library, University of Rajshahi | 08/06/1967 | Mirza Book Afency, Lahore | 17.50 | 620.106 GIS 1962 | 08/05/2017 | C-3 | Books | |||||
| Dewey Decimal Classification | Non-fiction | Central Library, University of Rajshahi | Central Library, University of Rajshahi | 08/06/1967 | Mirza Book Afency, Lahore | 17.50 | 620.106 GIS 1962 | 14/06/2017 | C-4 | Books |